000 00579nam a22001817a 4500
005 20180830115842.0
010 _aENG-123397
020 _c90.00
_a9789352830411
035 _aEN-106929
037 _bDBAD/PUB
082 _a880
245 0 0 _aVisionary glimpses :
_cedited by D V Naik...[et.al]
_ban English coursebook for undergraduates /
260 _aNew Delhi
_bS. Chand and Company
_c2018
270 _a7361, Ram Nagar,
_bNew Delhi
_e110055
300 _a88p.
_c21cm(pbk)
500 _aIt includes glossary and questions
942 _2ddc
_cEN
_mVIS
_h880
999 _c153521
_d153521